<?xml version="1.0" encoding="UTF-8"?>
<record
    xmlns:xsi="http://www.w3.org/2001/XMLSchema-instance"
    xsi:schemaLocation="http://www.loc.gov/MARC21/slim http://www.loc.gov/standards/marcxml/schema/MARC21slim.xsd"
    xmlns="http://www.loc.gov/MARC21/slim">

  <leader>00991cam a2200229   4500</leader>
  <controlfield tag="008">100216s2008    mx            000 0 spa u</controlfield>
  <datafield tag="035" ind1=" " ind2=" ">
    <subfield code="a">a487304</subfield>
  </datafield>
  <datafield tag="050" ind1="0" ind2="4">
    <subfield code="a">KGH3637 </subfield>
    <subfield code="b">L37 2008</subfield>
  </datafield>
  <datafield tag="100" ind1="1" ind2=" ">
    <subfield code="a">Larra&#xF1;aga Monjaraz, Pablo</subfield>
  </datafield>
  <datafield tag="245" ind1="1" ind2="3">
    <subfield code="a">La Connstitucionalizaci&#xF3;n del Derecho  a la Informaci&#xF3;n : </subfield>
    <subfield code="b">Contexto, consecuencias y retos/ </subfield>
    <subfield code="c">Pablo Larra&#xF1;aga Monjaraz</subfield>
  </datafield>
  <datafield tag="250" ind1=" " ind2=" ">
    <subfield code="a">1a. ed.</subfield>
  </datafield>
  <datafield tag="260" ind1=" " ind2=" ">
    <subfield code="a">M&#xE9;xico :</subfield>
    <subfield code="b">Senado de la Rep&#xFA;blica; Tecnol&#xF3;gico Aut&#xF3;nomo de M&#xE9;xico, </subfield>
    <subfield code="c">2008</subfield>
  </datafield>
  <datafield tag="300" ind1=" " ind2=" ">
    <subfield code="a">170 p. ;</subfield>
    <subfield code="c">22 cm. + 1 cd-room (4 3/4 plg.)</subfield>
  </datafield>
  <datafield tag="440" ind1=" " ind2="0">
    <subfield code="a">El Quehacer en la LX Legislatura; Antecedentes y entorno</subfield>
  </datafield>
  <datafield tag="504" ind1=" " ind2=" ">
    <subfield code="a">Bibliograf&#xED;a :p. 165-170 e &#xED;ndice</subfield>
  </datafield>
  <datafield tag="506" ind1=" " ind2=" ">
    <subfield code="a">Donaci&#xF3;n</subfield>
  </datafield>
  <datafield tag="650" ind1=" " ind2="7">
    <subfield code="a">Registros P&#xFA;blicos </subfield>
    <subfield code="x">Derecho y Legislaci&#xF3;n </subfield>
    <subfield code="z">M&#xE9;xico </subfield>
    <subfield code="2">Lemb</subfield>
  </datafield>
  <datafield tag="650" ind1=" " ind2="7">
    <subfield code="a">Registros P&#xFA;blicos </subfield>
    <subfield code="x">Control de Acceso </subfield>
    <subfield code="z">M&#xE9;xico </subfield>
    <subfield code="2">Lemb</subfield>
  </datafield>
  <datafield tag="651" ind1=" " ind2="7">
    <subfield code="a">M&#xE9;xico </subfield>
    <subfield code="x">Libertad de Informaci&#xF3;n </subfield>
    <subfield code="2">Lemb</subfield>
  </datafield>
  <datafield tag="651" ind1=" " ind2="7">
    <subfield code="a">M&#xE9;xico </subfield>
    <subfield code="x">Protecci&#xF3;n de Datos </subfield>
    <subfield code="x">Derecho y Legislaci&#xF3;n </subfield>
    <subfield code="2">Lemb</subfield>
  </datafield>
  <datafield tag="942" ind1=" " ind2=" ">
    <subfield code="2">lcc</subfield>
    <subfield code="c">LIB</subfield>
  </datafield>
  <datafield tag="999" ind1=" " ind2=" ">
    <subfield code="c">130985</subfield>
    <subfield code="d">130985</subfield>
  </datafield>
  <datafield tag="952" ind1=" " ind2=" ">
    <subfield code="1">0</subfield>
    <subfield code="2">lcc</subfield>
    <subfield code="4">0</subfield>
    <subfield code="7">0</subfield>
    <subfield code="a">UCIH</subfield>
    <subfield code="b">UCIH</subfield>
    <subfield code="c">GENERAL</subfield>
    <subfield code="d">2017-03-28</subfield>
    <subfield code="f">1a. ed.</subfield>
    <subfield code="h">BCU000016907</subfield>
    <subfield code="k">CSA</subfield>
    <subfield code="o">KGH3637 L37 2008</subfield>
    <subfield code="p">BCU000016907</subfield>
    <subfield code="r">2017-03-28 00:00:00</subfield>
    <subfield code="t">C:1</subfield>
    <subfield code="v">1.00</subfield>
    <subfield code="y">LIB</subfield>
  </datafield>
</record>
